000 00379 a2200133 4500
001 92286
082 _aPR 2533
090 _c44239
_d44240
100 _aJahanzeb Khan; Prof Khurram Mahmud and Ammar Saleem (Advisors)
245 _aVideo Telemetry for indoor Quadrotor Navigation
_c78 "B" EC
260 _aIslamabad
_bNUST
_c2015
300 _a95p.
500 _aBE Project Reports
942 _aCAE NUST
_kPR 2533
999 _c327359
_d327359